Viackriteriálne rozhodovanie – modely užitočnosti s interakciami
Viackriteriálne rozhodovanie. Takéto rozhodnutie vyžaduje ohodnotenie rozhodovateľa. Strom rozhodovania, strom rozhodovania s užitočnosťami. Viackriteriálne rozhodovanie keď sú kritériá v interakcii. Podmienky nezávislosti kritérií. Vzájomná nezávislosť kritérií vzhľadom na preferencie. Vzájomná nez...
Gespeichert in:
| 1. Verfasser: | |
|---|---|
| Format: | Buchkapitel |
| Sprache: | Slowakisch |
| Schlagworte: | |
| Tags: |
Keine Tags, Fügen Sie das erste Tag hinzu!
|
MARC
| LEADER | 00000nla$a2200000$$$4500 | ||
|---|---|---|---|
| 001 | 0088418 | ||
| 005 | 20240613073905.4 | ||
| 041 | 0 | |a slo | |
| 044 | |a SK | ||
| 245 | 1 | 0 | |a Viackriteriálne rozhodovanie – modely užitočnosti s interakciami |c Milan Terek |
| 520 | |a Viackriteriálne rozhodovanie. Takéto rozhodnutie vyžaduje ohodnotenie rozhodovateľa. Strom rozhodovania, strom rozhodovania s užitočnosťami. Viackriteriálne rozhodovanie keď sú kritériá v interakcii. Podmienky nezávislosti kritérií. Vzájomná nezávislosť kritérií vzhľadom na preferencie. Vzájomná nezávislosť kritérií vzhľadom na užitočnosť. Aditívna nezávislosť kritérií. | ||
| 610 | 2 | 0 | |a rozhodovanie viackriteriálne |
| 610 | 2 | 0 | |a modely |
| 100 | 1 | |a Terek, Milan | |